THE HILL BHUIYAS OF ORISSA (Record no. 9094)

MARC details
000 -LEADER
fixed length control field 00448nam a22001697a 4500
005 - DATE AND TIME OF LATEST TRANSACTION
control field 20260311172949.0
008 - FIXED-LENGTH DATA ELEMENTS--GENERAL INFORMATION
fixed length control field 260311b |||||||| |||| 00| 0 eng d
020 ## - INTERNATIONAL STANDARD BOOK NUMBER
ISBN 978-81-212-1820-7
041 ## - LANGUAGE CODE
Language code of text/sound track or separate title eng
082 ## - DEWEY DECIMAL CLASSIFICATION NUMBER
Classification number 305.800 954
100 ## - MAIN ENTRY--AUTHOR NAME
Personal name ROY, SARAT CHANDRA
245 ## - TITLE STATEMENT
Title THE HILL BHUIYAS OF ORISSA
260 ## - PUBLICATION, DISTRIBUTION, ETC. (IMPRINT)
Place of publication NEW DELHI
Name of publisher GYAN PUBLISHING HOUSE
Year of publication 2018
300 ## - PHYSICAL DESCRIPTION
Number of Pages 320;P
650 ## - SUBJECT ADDED ENTRY--TOPICAL TERM
Topical Term BHARTIYA GYAN PARAMPARA
942 ## - ADDED ENTRY ELEMENTS (KOHA)
Koha item type Books
Holdings
Lost status Damaged status Collection code Home library Current library Shelving location Date acquired Source of acquisition Cost, normal purchase price Serial Enumeration / chronology Full call number Accession Number Koha item type
    BHARTIYA GYAN PARAMPARA JRU Library JRU Library KAUTILYA BOOK SANGRAH 09/03/2026 PURCHASE 1190.00 LBI/000885 DT-06-03-2026 305.800 954 29392 Books